Quizzes
Events
Quiz Creation
Community
Videos
Private Events
Remove Ads
Sign In
Join for FREE
Feedback
Dark Mode
Quiz Categories
Sports
Geography
Music
Movies
Television
Just For Fun
Miscellaneous
History
Literature
Language
Science
Gaming
Entertainment
Religion
Holiday
For Kids
Quiz Lab
Recent
Popular Today
Quiz Kudos Today
Editor Picks
Curator Picks
Quizzes by...
Day
Popularity
Type
Ratings
Length
Year
Community
Subscriptions
Recent Discussions
Orange Saloon
Badges
Playlists
Quests
Create
Leaderboards
Showdown
Live 5
Trivia Bingo
Activity
Puzzle Library
Sporcle Events
Private Events
Virtual Trivia
Globe League
Become a Host
Pub Owners
SporcleCon
Opinionation
Our Games
Videos
Blog
Mobile Apps
Partnerships
Remove Ads and Go Orange
Feedback
Miscellaneous
Crossword
General Knowledge
Baby Names
Logo
Food
Cars
Numbers
Grab Bag
University
College
Popular
Company
Slogans
Restaurants
Justice
Letter
Miscellaneous
Crossword
General Knowledge
Baby Names
Logo
Food
Cars
Numbers
Grab Bag
University
College
Popular
Company
Slogans
Restaurants
Justice
Letter
Random Quiz
Search Sporcle
×
Editor Pick
Editor Pick
Miscellaneous
Letter
Type in answers that appear in a list
Type in answers that appear in a list
Classic
Best Score? Go Orange.
Double Letter for Every Letter Stats
Can you name the words with a double letter?
By
HinduJesus
4m
26 Questions
1,150 Plays
1,150 Plays
1,150 Plays
Comments
Comments
Give Quiz Kudos
Give Quiz Kudos
-
- Ratings
hide this ad
Replay
Link that replays current quiz
Next Quiz
Link to next quiz in quiz playlist
You Got
0%
They Got
Avg Score
40%
Avg Friend Score
Upgrade to see
Score Distribution
Jump to the score distribution portion of the page
Score
0/26
Timer
04:00
0
Plays Today
Clue
Word
% Correct
Hitting the slopes
Skiing
87.3%
What one does to one's feathers
Ruffle
81.9%
Feeling disoriented, usually after spinning
Dizzy
80.7%
An appliance that sucks
Vacuum
74.3%
Freddie's band
Queen
68.4%
Not big
Little
67.7%
Opposite the Departure board
Arrival
64.5%
Middle Eastern marketplace
Bazaar
58.2%
Job
Occupation
52.3%
The A in PEMDAS
Addition
49.2%
If you're too shy to use the urinals
Stall
46.1%
Accountant
Bookkeeper
43.3%
Post Meridiem
Afternoon
40.8%
Clue
Word
% Correct
Irritate
Aggravate
37.1%
What Survivors strive for
Immunity
36.3%
Altaïr, Sirhan Sirhan, Leon Czolgosz
Assassin
32.5%
iClue
Apple
25.6%
Bioluminescent larvae
Glowworm
25.6%
Having expertise in an area
Savvy
23.4%
Do not rouse it
Rabble
20%
To deliberately keep something
Withhold
16.9%
If you do this with 4 checkers, you win!
Connect
16.3%
Discontinued anti-
inflammatory drug
Vioxx
7.5%
Home of the Wookies
Kashyyyk
7.4%
Buddhist word for ignorance
Avijja
0.5%
Pakistani branch of the Taliban
Haqqani
0.1%
Quiz Playlist
Details
Report
Send in Message
Add To Playlist
Classic:
Type in answers that appear in a list
Last Updated: Nov 16, 2018
Editor Pick in
Miscellaneous
Quiz Scoreboard
CHALLENGE
Sign Up to Join the Scoreboard
Show All
Scores
Hide
Comments
May contain spoilers
Recently Published
Movies - When Are They Set?
by FPL_Elf
Movies
5m
Popular People in 1961
by mucciniale
History
6m
1-10 Letter E Words III
by El_Dandy
Language
2m
More to Explore
Quiz From the Vault
Featured Blog Post
Where Did the Easter Bunny Come From?
hide this ad
You Might Also Like...
Tags
Letter Quiz
double
Today's Top Quizzes in Miscellaneous
Browse Miscellaneous
hide this ad
Today's Top Quizzes in Letter
Browse Letter
Top Contributed Quizzes in Miscellaneous
1
The JOE quick-fire general knowledge quiz: Day 173
2
The JOE quick-fire general knowledge quiz: Day 172
3
5-to-1: Fast Food
4
Sunday Crossword: Famous Bodies of Water
5
The JOE quick-fire general knowledge quiz: Day 171
6
One Thing in Common: United Kingdom II
7
Named After an Animal - Odd One Out!
8
sort kpop groups by number of members
9
The JOE quick-fire quiz: Day 170
10
Sunday Crossword: Themeless #5
Explore More
Trending Topics
Disney
Harry Potter
Anime
NBA
Crossword
Kpop
Marvel
NFL
Soccer
Country
The Office
Puzzle
Pokémon
WWE
Song
hide this ad
More By:
HinduJesus
Quiz
Plays
Rating
Category
Featured
Created
The Ulitmate Harry Potter House Quiz
25,906
3.54
Literature
Sep 24, 2009
Popular Pizza Toppings
14,003
3.59
Miscellaneous
Oct 1, 2009
The Second Best Quiz
4,743
4.37
Miscellaneous
Mar 17, 2010
Through the Trapdoor
4,057
3.72
Literature
Sep 30, 2009
Countries by National Anthem
3,225
3.96
Geography
Oct 1, 2009
Go to Creator's Profile
Score Distribution
Quiz Creator Spotlight
HinduJesus
Follow
Send a Message
Quizzes Created
-
Created Quiz Play Count
-
More By This Creator
Popular Quizzes Today
1
Find the Countries of Europe - No Outlines Minefield
2
Find the US States - No Outlines Minefield
3
The Countries of the World
4
Popular People in 1961
5
US States
6
1-10 Letter E Words III
7
Find the US States
8
One Thing in Common: World Cities II
More Miscellaneous Quizzes
Right-Handed Crossword
Quiz Lab
Trending Quizzes
Risky Map Clicking: Least Populous States A-Z
1-10 Letter F Words
1-10 Letter G Words
One Thing in Common: United Kingdom
Risky Map Clicking: Next State Alphabetically
Recently Updated
Leaping Animals
pecheneg
Reality TV Shows (A-Z)
bhenderson79
Rickey Henderson's Hall of Fame Teammates
pecheneg
Champions League XIs: Arsenal
pecheneg
Quick Pick: Celebrities in WWE's Hall of Fame
aduchscher
A-Z Keypad Blitz II
pecheneg
Multiple Oscar Actors
pecheneg
Mystery Phrase Blitz: Oscar 'Best Actors'
pecheneg
F. Scott Fitzgerald Novels
LTH
Pick 3 Villains
ddd62291
Trending Topics
Crossword
Anime
NBA
Marvel
Kpop
Disney
Harry Potter
Song
Soccer
NFL
Country
Pokémon
WWE
The Office
Puzzle
Your Account Isn't Verified!
In order to create a playlist on Sporcle, you need to verify the email address you used during registration. Go to your
Sporcle Settings
to finish the process.
Report this User
Report this user for behavior that violates our
Community Guidelines
.
Details:
Send Report
Go to the Sporcle.com Mobile Site →
Comments